Sông Mã trong đời sống người Mường ở Thanh Hóa /

Guardat en:
Dades bibliogràfiques
Autor principal: Mai Văn Tùng.
Format: Article
Idioma:Vietnamese
Matèries:
Etiquetes: Afegir etiqueta
Sense etiquetes, Sigues el primer a etiquetar aquest registre!
Thư viện lưu trữ: Thư viện Trường Đại học Đà Lạt
LEADER 00792nam a2200277 4500
001 DLU150174231
005 ##20151223
040 # # |a DLU  |b vie 
041 # # |a vie 
044 # # |a vn 
100 # # |a Mai Văn Tùng. 
245 # # |a Sông Mã trong đời sống người Mường ở Thanh Hóa /  |c Mai Văn Tùng 
653 # # |a Đời sống văn hóa 
653 # # |a Di sản văn hóa 
653 # # |a Người Mường 
653 # # |a Sông Mã 
773 # # |t Nghiên cứu Đông Nam Á  |g Số 11, 2014, tr. 57-65 
920 # # |a Phòng Tạp chí -- Trung tâm Thông tin - Thư viện Trường Đại học Đà Lạt 
994 # # |a DLU 
900 # # |a True 
911 # # |a Nguyễn Thị Tưởng 
925 # # |a G 
926 # # |a A 
927 # # |a BB 
980 # # |a Thư viện Trường Đại học Đà Lạt